| 000 | 01290nam a2200349Ia 4500 | ||
|---|---|---|---|
| 001 | Z_7128 | ||
| 003 | CHAP | ||
| 005 | 20241108114451.0 | ||
| 008 | 220113s2018 xx 000 0 und d | ||
| 010 | _a170400 | ||
| 040 | _cCHAP | ||
| 090 | _aTesis P33 2673 | ||
| 100 |
_aPadilla López, Alicia Mariela _9135739 |
||
| 245 |
_aEngorda Intensiva de bovinos productores de carne expuestos a restricción alimenticia y crecimiento compensatorio / _cAlicia Mariela Padilla López |
||
| 260 |
_aMéxico : _bEl autor, _c2018 |
||
| 300 | _aCD | ||
| 502 | _aTesis (Ingeniero Agrónomo Especialista en Zootecnia) -- UACh, 2018 \ Dirección: José Ayala Oseguera; asesoría: José Artemio Cadena Meneses y José Melquiades Monzón Armenta | ||
| 650 |
_aConfinamiento _9146361 |
||
| 650 |
_aCovariable _9146850 |
||
| 650 |
_aGanancia diaria de peso _9145554 |
||
| 650 |
_aRazas puras _9146851 |
||
| 650 |
_aRestricción alimenticia _9145292 |
||
| 700 | 1 |
_a Cadena Meneses, José Artemio _9142550 |
|
| 700 |
_a Monzón Armenta, José Melquiades, asesor _9143241 |
||
| 700 | _aAyala Oseguera, José, director | ||
| 856 | 4 | 2 |
_uhttp://10.13.5.2/tesis/sist115465.pdf _yDescargar PDF |
| 901 | _aTESIS P33 2673 | ||
| 902 | _aA | ||
| 910 | _a2018 | ||
| 942 |
_c2 _2ddc |
||
| 942 |
_c2 _2ddc |
||
| 999 |
_c170400 _d170400 |
||